000 00325nam a22001217a 4500
008 180427b xxu||||| |||| 00| 0 eng d
041 _aeng
080 _a043.3
100 _a0
101 _aMBE-BTH
245 _aStrategjia e marketingut dhe efekti i saj në përformancën biznesore në Kosovë
_cOsmani,A
942 _2udc
_cBK
999 _c45648
_d45648